Word Ladder: Homophones For Quiz Stats

Quiz Updated Oct 26, 2017

Challenge
Share
Tweet
Embed
Score 0/20 Timer 04:00
7 Plays Today
Clue 3-Letter Homophone % Correct
Hot drink made from crushed leavesTEE
87.6%
Southern (U.S.) supermarket chain ____-DixieWIN
85.6%
Actor Keenan ____ or actor Ed ____WIN
85.6%
Singer and actress _____ MidlerBET
84.3%
At what timeWEN
83.6%
I and othersWEE
81.2%
Baseball legend, _____ Cobb or 'Modern Family' actor, _____ BurrellTIE
78.9%
ExistBEE
72.7%
Common edible round green vegetable seedPEE
72.2%
Cat sound of contentmentPER
70.1%
Clue 3-Letter Homophone % Correct
Polynesian flower garlandLAY
69.2%
Talk show legend Jack ____PAR
66.4%
Ballet dancer's handrailBAR
65.5%
Sharpen a bladeWET
61.9%
Smallest part or particle imaginable, as in 'I care not a ____'WIT
60.3%
Ottoman Empire governorBAY
49%
Lyme disease carriersTIX
43.8%
Multiple groups of hunting animalsPAX
42.1%
Removes flowers from plants one by onePIX
41.8%
Has less than desiredLAX
40.3%

Today's Daily Dose

Missing Word
NPR Programs

Quick Pick
1991 Events

On This Day
June 18th II

You're not logged in!

Compare scores with friends on all Sporcle quizzes.
Join for Free
OR
Log In

You Might Also Like...

Show Comments

Extras

Top Quizzes Today


Score Distribution

Your Account Isn't Verified!

In order to create a playlist on Sporcle, you need to verify the email address you used during registration. Go to your Sporcle Settings to finish the process.

Report this User

Report this user for behavior that violates our Community Guidelines.

Details: